000 00494nam a2200169Ia 4500
008 240729s9999 xx 000 0 und d
022 _a2372-8418
245 0 _aJournal of Global Radiology
260 _aUnited States
260 _bUMass Chan Medical School
650 _a Medical physics. Medical radiology. Nuclear medicine
650 _a Medicine (General)
650 _aMedicine
856 _uhttps://doaj.org/toc/0a0aadc4894449e59fdb54d1262cd645
942 _2ddc
942 _cDOAJEJ
999 _c73272
_d73272
945 _a1
_bMadushi Gamage
_c1
_dMadushi Gamage